LEADER 01381cam0-22004331i-450- 001 990007751170403321 005 20130520092626.0 035 $a000775117 035 $aFED01000775117 035 $a(Aleph)000775117FED01 035 $a000775117 100 $a20030814d1990----km-y0itay50------ba 101 0 $aita 102 $aIT 105 $ay-------001yy 200 1 $a<>valore della persona nel sistema e i nuovi diritti della personalita'$fAntonino Scalisi 210 $aMilano$cGiuffre'$d1990 215 $aX, 226 p.$d24 cm 225 1 $aPubblicazione degli Istituti di scienze giuridiche, economiche, politiche e sociali della Facoltą di giurisprudenza dell'Universitą di Messina$v162 610 0 $aDiritti della persona 676 $a346.01 676 $a342 676 $a346.01 700 1$aScalisi,$bAntonino$0231541 801 0$aIT$bUNINA$gRICA$2UNIMARC 901 $aBK 912 $a990007751170403321 952 $aDPR 9-454$b9052$fDEC 952 $a19-E-200$b6151$fDDCP 952 $aUNIV. 27 (162)$b15938*$fFGBC 952 $aA-I-A-61$b2782/2790 dip.$fDDRC 952 $aA-I-A-61/62$b2782, 2790 dip.$fDDRC 952 $aUNIV. 3 (162)$b23421$fFSPBC 959 $aDDCP 959 $aFGBC 959 $aDDRC 959 $aFSPBC 996 $aValore della persona nel sistema e i nuovi diritti della personalitą$962774 997 $aUNINA LEADER 02556nam2 2200469 i 450 001 CFI0500954 005 20231121125454.0 010 $a8871251814 020 $aIT$b2001-2140 100 $a20020930d2000 ||||0itac50 ba 101 | $aita 102 $ait 181 1$6z01$ai $bxxxe 182 1$6z01$an 200 0 $a1$fa cura di Salvatore Palese ...[et al.] 210 $aCittą del Vaticano$c[s. n.]$d2000$eNapoli$gRusso 215 $a336 p.$d24 cm. 225 | $aPubblicazioni degli archivi di Stato$i. Strumenti$v146 225 | $aQuaderni di Archiva Ecclesię$fAssociazione archivistica ecclesiastica$v6 410 0$1001CFI0023682$12001 $aPubblicazioni degli archivi di Stato$i. Strumenti$v146 410 0$1001CFI0244372$12001 $aQuaderni di Archiva Ecclesię$fAssociazione archivistica ecclesiastica$v6$171202$aAssociazione archivistica ecclesiastica$3RAVV058351 461 1$1001CFI0500950$12001 $aGuida degli archivi capitolari d'Italia$v1 606 $aArchivi capitolari$xItalia$xGuide$2FIR$3RMLC178377$9I 702 1$aPalese$b, Salvatore$3CFIV002987 801 3$aIT$bIT-01$c20020930 850 $aIT-RM028 $aIT-RM0289 $aIT-RM0290 $aIT-RM0313 $aIT-RM0281 $aIT-RM0459 $aIT-RM0830 $aIT-RM0251 $aIT-RM0460 $aIT-RM1163 $aIT-FR0017 899 $aBiblioteca Universitaria Alessandrina$bRM028 899 $aBiblioteca Statale A. Baldini$bRM0289 899 $aBIBLIOTECA ANGELICA$bRM0290 899 $aBIBLIOTECA CASANATENSE$bRM0313 899 $aBIBLIOTECA VALLICELLIANA$bRM0281 899 $aARCHIVIO DI STATO DI ROMA$bRM0459 899 $aBiblioteca della Direzione Generale Archivi$bRM0830 899 $aBiblioteca Della Soprintendenza Archivistica Per Il Lazio$bRM0251 899 1$aBiblioteca Dell' Archivio Centrale Dello Stato$bRM0460 $eS$uhttp://2.42.228.123/dgagaeta/pdf.php?file=Strumenti/Strumenti_CXLVI.pdf 899 $aIstituto Centrale Restauro Conservazione Patrimonio Archivistico Librario$bRM1163 899 $aBiblioteca umanistica Giorgio Aprea$bFR0017 912 $aCFI0500954 950 2$aBiblioteca umanistica Giorgio Aprea$d 52COBAL A.2 146$e 52VM 0000704475 VM barcode:00547. - Inventario: ssbalVM$fB $h20070918$i20121205 977 $a 01$a 04$a 06$a 07$a 08$a 12$a 20$a 24$a 27$a 36$a 52 996 $a1$961339 997 $aUNICAS